NLSUI OPAC header image

Social transformation in India : (Record no. 12120)

MARC details
000 -LEADER
fixed length control field 01382nam a2200397 a 4500
001 - CONTROL NUMBER
control field 3572706
003 - CONTROL NUMBER IDENTIFIER
control field OSt
005 - DATE AND TIME OF LATEST TRANSACTION
control field 20251209063144.0
008 - FIXED-LENGTH DATA ELEMENTS--GENERAL INFORMATION
fixed length control field 980312s1997 ii b 011 0 eng
010 ## - LIBRARY OF CONGRESS CONTROL NUMBER
LC control number 98900506
020 ## - INTERNATIONAL STANDARD BOOK NUMBER
Canceled/invalid ISBN 8170334192 (set)
020 ## - INTERNATIONAL STANDARD BOOK NUMBER
Canceled/invalid ISBN 8170334176 (v. 1)
020 ## - INTERNATIONAL STANDARD BOOK NUMBER
Canceled/invalid ISBN 8170334185 (v. 2)
025 ## - OVERSEAS ACQUISITION NUMBER
Overseas acquisition number I-E-98-900506; 56-91; 68-91; 69
035 ## - SYSTEM CONTROL NUMBER
System control number 3572706
040 ## - CATALOGING SOURCE
Original cataloging agency DLC
Transcribing agency DLC
042 ## - AUTHENTICATION CODE
Authentication code lcode
043 ## - GEOGRAPHIC AREA CODE
Geographic area code a-ii---
050 00 - LIBRARY OF CONGRESS CALL NUMBER
Classification number 303.4 SHA-I
Item number .S6158 1997
245 00 - TITLE STATEMENT
Title Social transformation in India :
Remainder of title essays in honour of Professor I.P. Desai /
Statement of responsibility, etc. Ghanshyam Shah, editor.
260 ## - PUBLICATION, DISTRIBUTION, ETC.
Place of publication, distribution, etc. Jaipur :
Name of publisher, distributor, etc. Rawat Publications,
Date of publication, distribution, etc. 1997.
300 ## - PHYSICAL DESCRIPTION
Extent 2 v. (x, 711 p.) ;
Dimensions 22 cm.
336 ## - CONTENT TYPE
Content type term text
Content type code txt
Source rdacontent
337 ## - MEDIA TYPE
Media type term unmediated
Media type code n
Source rdamedia
338 ## - CARRIER TYPE
Carrier type term volume
Carrier type code nc
Source rdacarrier
504 ## - BIBLIOGRAPHY, ETC. NOTE
Bibliography, etc. note Includes bibliographical references and index.
520 ## - SUMMARY, ETC.
Summary, etc. Festschrift in honor of Ishwarlal Pragji Desai, 1911-1985, sociologist; comprises contributed articles on social change in India.
600 10 - SUBJECT ADDED ENTRY--PERSONAL NAME
Personal name Desai, Ishwarlal Pragji.
650 #0 - SUBJECT ADDED ENTRY--TOPICAL TERM
Topical term or geographic name entry element Social reformers
Geographic subdivision India
General subdivision Biography.
700 1# - ADDED ENTRY--PERSONAL NAME
Personal name Desai, Ishwarlal Pragji.
700 1# - ADDED ENTRY--PERSONAL NAME
Personal name Shah, Ghanshyam.
906 ## - LOCAL DATA ELEMENT F, LDF (RLIN)
a 7
b cbc
c origode
d 3
e ncip
f 19
g y-gencatlg
942 ## - ADDED ENTRY ELEMENTS (KOHA)
Source of classification or shelving scheme Dewey Decimal Classification
Koha item type BOOKs
Holdings
Withdrawn status Lost status Damaged status Not for loan Home library Current library Shelving location Date acquired Cost, normal purchase price Total Checkouts Full call number Barcode Date last seen Price effective from Koha item type
        . . Library Compactors 30.05.2017 550.00   303.4 SHA-I 12424 30.05.2017 30.05.2017 BOOKs